01085nam a2200229 4500003000900000020001800009040002800027082001600055100001600071245013400087250004400221260002500265300005100290490006100341505022100402534006100623650004100684650003900725650004300764700001800807700003000825CO-ViMGA a9789586890861 aCO-ViMGAbspacCO-ViMGA04a611 b R69g1 aRoyer, Anne10aEl gran libro larousse del cuerpo humano /ctexto Anne Royer ; ilustraciones Julien Akita ; traducción Ana María Peris Moreno aPrimera impresión, edición especial aBogotá :bLarousse a94 páginas :bilustraciones en color ; 34 cm aRecomendado para un público infantil mayor de 9 años aLa mecánica del cuerpo -- El cerebro, siempre al mando -- Los cinco sentidos -- Problemas del cuerpo -- Cuidados del cuerpo -- Las edades de la vida -- Nuestro cuerpo en el futuro -- El cuerpo humano al descubierto tTítulo original: Le trŠs grand livre du corps humain14aAnatomia HumanaxLiteratura Infantil14aCuerpo HumanoxLiteratura Infantil14aFisiologia HumanaxLiteratura Infantil1 aAkita, Julien1 aPeris Moreno, Ana María